00000000nam##2200000za#4500
0019.695706
003CaOODSP
00520230202144025
007cr |||||||||||
008150407|1996||||xxc|||||o    f|0| 0 eng|d
040 |aCaOODSP|beng
043 |an-cn---
0861 |aH72-21/146-1996E-PDF
1102 |aNational Clearinghouse on Family Violence (Canada)‏.
24510|aOffender profiles / |h[electronic resource]|c[by the] National Crime Prevention Council Canada.
260 |aOttawa - Ontario : |bHealth Canada. |cSeptember 1995.
300 |a12p.|breferences
590 |a12-13-Supp|b2012-04-03
7760#|tOffender profiles / |w(CaOODSP)9.646262
85640|ahttp://publications.gc.ca|qPDF|s1006 KB|uhttps://publications.gc.ca/collections/Collection/H72-21-146-1996E.pdf